Catálogo cronológico de las pragmáticas, cédulas, decretos, órdenes y resoluciones reales generales emanados después de la recopilación de las Leyes de Indias

I tiakina i:
Ngā taipitopito rārangi puna kōrero
Kaituhi matua: Matraya y Ricci, Juan Joseph (autor)
Hōputu: Pukapuka
Reo:Pāniora
I whakaputaina: Buenos Aires Instituto de Investigaciones de Historia del Derecho 1978
Ngā marau:
Ngā Tūtohu: Tāpirihia he Tūtohu
Kāore He Tūtohu, Me noho koe te mea tuatahi ki te tūtohu i tēnei pūkete!

MARC

LEADER 00000nam a2200000 a 4500
001 UCS9195
003 CL-VaPUC
008 971113e19780000AG |||||||||||||||||spa|d
082 0 4 |a 016.982  |b MAT  |2 21 
100 |a Matraya y Ricci, Juan Joseph  |e autor  |9 394232 
245 1 0 |a Catálogo cronológico de las pragmáticas, cédulas, decretos, órdenes y resoluciones reales generales emanados después de la recopilación de las Leyes de Indias 
300 |a 596 p 
942 |c BK 
945 |d 19971113 00:00:00  |a cmena 
260 |a Buenos Aires  |b Instituto de Investigaciones de Historia del Derecho  |c 1978 
650 0 |a Derecho Indiano  |9 256266 
650 0 |a Derecho eclesiástico  |9 255055 
650 0 |a Derechos y priviliegios  |9 338404 
650 0 |a Obligaciones   |9 255578 
650 0 |a Iglesia y Estado  |9 254995 
650 7 |a LIDERES RELIGIOSOS  |2 CL-VaPUC  |9 353296 
650 7 |a DERECHO CANONICO  |2 CL-VaPUC  |9 394233 
650 7 |a CEDULARIO INDIANO  |2 CL-VaPUC  |9 394234 
650 7 |a ORDENANZAS DE INDIAS  |2 CL-VaPUC  |9 394235 
650 7 |a DECRETOS  |2 CL-VaPUC  |9 309678 
650 0 |a Estado  |9 255503 
650 0 |a Derecho y política  |9 257017 
650 0 |a Poder político  |9 255509 
583 |a last modification  |c 19971113 00:00:00  |k Rodrigo Vera 
999 |c 263189  |d 263187 
952 |0 0  |1 0  |4 0  |6 016_982000000000000_MAT_1978  |7 0  |8 A  |9 292330  |a BIBDER  |b BIBDER  |d 2019-11-19  |i 190065K  |o 016.982 MAT 1978  |p 190065K  |r 2023-01-25  |w 2019-11-19  |y BK  |k DER 
952 |0 0  |1 0  |4 0  |6 016_982000000000000_MAT_1978  |7 0  |8 DER_HDC  |9 292331  |a BIBDER  |b BIBDER  |d 2019-11-19  |i 3519309  |o 016.982 MAT 1978  |p 3519309  |r 2023-01-25  |w 2019-11-19  |x Ubicación 4to Piso  |y BK  |z Estos recursos deben solicitarse con anticipación  |k DER